000 00573nam a22001937a 4500
003 DO-SdBNP
005 20231123104912.0
008 210824b 2021 dr 00| 0 eng d
020 _a9789945928723
040 _aDO-SdBNP
_bspa
_cBNPHU
100 1 _aPichardo, Alejandro
_9238
245 1 _aAsesinato por pasión /
_cAlejandro Pichardo ; edición Piero Espinal Estévez
260 _aSanto Domingo :
_bOpus ;
_c2021.
300 _a141 p. ;
_c23 cm.
590 _aInventariado, 2021/BT
700 1 _aEspinal Estévez, Piero,
_eed.
_93550
910 _aBtavárez
942 _2ddc
_cLBS1
999 _c50271
_d50271